Le Danemark en images - Statistiques

Statistiques générales
  • Ce quiz a été pris 293 fois
    272 depuis la dernière actualisation
  • Le résultat moyen est 10 sur 18
Statistiques - réponses
Par images Hint Réponse % Correct
Capitale Copenhague
100%
Territoire Le Groenland
91%
55 % de son électricité Energie éolienne
86%
Statue La Petite Sirène
85%
Entreprise de jeux Lego
83%
Monnaie Couronne danoise
82%
Invention Google Maps
78%
Pièce de théâtre La Tragique histoire d'Hamlet, prince de Danemark
67%
Archipel autonome Les Iles Féroé
60%
Bière La Carlsberg
58%
Romancier, conteur et poète Hans Christian Andersen
48%
Péninsule principale Jutland
47%
Ville Aarhus
41%
Cycliste Jonas Vingegaard
35%
Pont Pont de l'Ø{resund}
28%
Ville Odense
26%
Ville Aalborg
22%
Astronome Tycho Brahe
6%
Aucun quiz correspondant
Distribution des résultats
% des personnes avec chaque résultat
Percentile par nombre de réponses
Votre historique - résultats
Vous n’avez pas pris ce quiz depuis la dernière actualisation